FNaF Character Quiz - Statistics

General Stats
  • This quiz has been taken 211 times
    209 since last reset
  • The average score is 47 of 68
Answer Stats
Hint Answer % Correct
He’s the singer in the band Freddy
100%
He sometimes carries a guitar Bonnie
99%
She wears a bib that says ‘LETS EAT!’ Chica
99%
He sits in pirate cove Foxy
98%
I̴̜̯̩͐͌T̴̜̦͚̆’̵͍̮̘̪͍̈́̓͜Ś̴̨͔̕ͅ ̴͍̖͂̿̅̀͘̚M̸̰̙̺̼̈̋Ȩ̸͍̘͕̏̎̓ Golden Freddy
95%
Y̶̪͕̘̖͛͛̎̚͝O̴̱̫̣̖̽̿͒̇U̵̧̘̬͙̫̪̅̀̄͊͘ ̵̢͓̣̤͔͌͆̚͝͝C̴̪̆̋͝A̸̢̢̽̂̍̾̕͘Ṅ̷̢̡̻̩̯̿̐͠ͅ ̸͙͚̳̲̪͕̊̃͑̋̈͘Ś̶̱̚Ȅ̴̞̣̱̟̦̭͗̉̃E̸̪͑̌̀͗̂ ̶̡̗͈͊̍̒́͝H̷̼̄͜Ḯ̸̠̬̆̅͂͝S̸͖̠̠̿͗͝ ̵̡̨̛̮̻̮̪̈́F̸͉̰͔̈́L̶̨̪̼̘̓O̴̝̭̲͖̼͒Ȧ̷̡̗̲̭̲̂͝T̴̖̖̰̂̿̋͛̀Ị̶̔͛̏͜ͅN̸̛͔̳̄̂́̎G̵̡̲̍̃ ̸̻̉̚Ḧ̶̗́͘Ȩ̷̛̛̬̙͓̳̇̔ͅĂ̸͇͎̜̭͆̏̔͗ͅD̴͔́͛̂ ̵̖̟̗̭̲͑͝Ị̵̊N̴̡̘̱̟̝̈́̏̍͌ ̶̮̾̽͝T̵͍͇͈̻͂̔͐H̴̢̛͇̼͚͖̼̆̇̃È̷͇̟̩̳̽ ̷̥̲̱̒̀̇H̷̡̦̆̎̂̌Ȁ̵̧͍͈͇͖̕L̵̹͓͑̒̂̃͝Ĺ̵̼̣͕̲̟̅̽͜Ş̶͎̔́̈́̀͑ Withered Golden Freddy
95%
Remember to wind the music box to keep it at bay The Puppet
88%
Everyone hates him Balloon Boy
85%
It sits in kids cove The Mangle
85%
He most of the time carry’s a guitar Toy Bonnie
85%
She wears a bib that says ‘LETS PARTY!’ Toy Chica
85%
He likes to play ‘Five Nights At Mr. Hugs’ Toy Freddy
85%
Technically a zombie out to kill you Springtrap
83%
He’s missing his arm and face Withered Bonnie
82%
He is your wickedness made of flesh Nightmare
81%
He will jump at you from the dark hallways Withered Foxy
81%
She has an unhinged jaw Withered Chica
80%
He has lost his guitar and wants to check your room for it Nightmare Bonnie
79%
Ey BonBon go get em! Funtime Freddy
78%
He stands in the middle of the hallways... MENACINGLY Withered Freddy
78%
He caused the bite of 83 Fredbear
76%
He really hates the flash beacon Funtime Foxy
76%
She wears a torn up bib that says ‘ LETS EAT!’ Nightmare Chica
76%
He likes to sneak in your room and play peekaboo in your closet Nightmare foxy
76%
He always comes back ScrapTrap
76%
She can hear you... breathing Ballora
75%
She likes to hide under your desk Jay Jay
75%
Theres a little of him in every body Ennard
74%
The show is about to begin everyone please stay in their seats Circus Baby
73%
If you don’t check on the bed often you will be put to sleep P̴̬̃E̵̛͖͍̗̺̺̐͑R̴̨̧̝̪͒͗͋̕͝Ṁ̷̖̯̩I̷͎͌̃̚͘N̵̜̙͙̫̎A̸̡̞̹͎͕̓̆̾̊Ñ̷̮̻̌͋́T̷͇̱̠͚̭̖͆̈̌͛Ĺ̷̪͚̭̄̈́̆Y̶̦͕̖̍̚ Nightmare Freddy
72%
No one can pronounce his name RWQFSFASXC
72%
The man behind the slaughter Purple Guy
71%
He is the springlock hybrid that William got killed in Springbonnie
71%
He only appears once all withereds are gone Shadow Freddy
69%
She tries to put Freddy to sleep and always fails BonBon
68%
When I say the word, you will know the name of this animatronic instantly... watermelon Phantom Chica
68%
He likes to take a stroll behind the glass Phantom Freddy
68%
He’s always your friend... no matter how many teeth Nightmare fredbear
67%
LOL LOLbit
66%
He acts similarly to golden freddy Phantom Foxy
63%
The fire within her burns eternal Jack-O-Chica
61%
He still has his music box and won’t stop playing it Nightmarionne
61%
Boop her nose and see what happens Bonnet
60%
He’s just a bare endoskeleton Endo-01
60%
It makes lots of noise when you stare for too long Phantom Mangle
60%
Terrible things come in small packages Plushtrap
60%
This lady has a scooper for a hand and wires for hair Scrap Baby
60%
He still doesn’t have his guitar but is still quite the hothead Jack-O-Bonnie
59%
H̷̰͑͌̐͝e̷͈̥̓̆̑̔l̵̖̘̀̓̐̇͐l̷͓̾̕o̷̊͂̔͐̇̊ͅ?̶̼̀̆ Nightmare Balloon Boy
59%
She wants you to look just like her B̷̮̗̟͐ ̷͇̮̘͊̊E̵̢͛̇͑̇̆̒͜ ̶̛̳̘̘͓͑̅̌͛͠Ą̸̬̹̥̞̑͒̄ ̶̡͇͍͓͓͛̿U̷̯̽̍̀̈͛͝ ̸̖͐̎̇̓T̷̛̯̻̓̋ ̸̨̛̺̯͍͎̭̐̂Ǐ̷̤̲̣̠̅̇͠͝͝ͅ ̸̥̼̹̦̳̊͐͑͑̍F̵͉̻̥̘̞͈̋̉ ̶̫̬͉̞͎̱̔͝U̶̢̱͂͐̆̆ ̸̱̆̆̐̉́L̴̻̲̳̙̈́͊͐̌̃̕ ̴̱̖̰̼͂̏̚Ļ̵͇̖͙͎̑̈́̾̒̚ Nightmare Mangle
59%
His face randomly appears on non-vent CAMS Phantom Balloon Boy
59%
Sometimes appears on CAM 08 Phantom Puppet
58%
Just a bare endo but more useful Endo-02
57%
Not in sister location but still a Funtime! Funtime Chica
57%
Shhhhh... it will be over soon L.E.F.T.E
57%
He seems to have lost his guitar find it or else Rockstar Bonnie
56%
She doesn’t like wet floors Rockstar Chica
56%
Please deposit 5 coins Rockstar Freddy
56%
Acts like golden freddy but you’ll find yourself suffocating if you look at this endo too long Yenndo
56%
A playful bunch so excuse them if they climb on your faceplates Minireena
55%
They are always curious about what’s inside Bidybab
53%
Yarrr ya win some ya lose some Rockstar Foxy
52%
Uh oh! How unfortunate Dee Dee
50%
On-e bi-ig h-h-hap-py fam-ily-y Molten freddy
50%
He looks like a pink and white spider Music Man
46%
She likes to waste power yet doesn’t like getting shocked Electrobab
45%
Just wants to advertise and yet everyone forgets him El Chip
38%
Don’t be frightened comply and invite me in Glitchtrap
18%
No matching quizzes found
Score Distribution
Percent of People with Each Score
Percentile by Number Answered
Your Score History
You have not taken this quiz since the last reset